| 000 | 00740cab a2200253 4500 | ||
|---|---|---|---|
| 001 | ABS57017 | ||
| 008 | 090401t1997 xxu||||| |||| 00| 0 eng d | ||
| 035 | _a(Sirsi) u98365 | ||
| 041 | _aeng | ||
| 245 | _aDouble trouble | ||
| 260 | _c1997 | ||
| 350 | _a0 | ||
| 490 |
_aEstates Gazette _v(9718) 3 May 1997, 115-118(3) |
||
| 520 | _aA Mainly for Students article looking at what happens when a litigant tries to relitigate an issue which has already been decided in legal proceedings. Gives examples. | ||
| 650 | _aCRIMINAL LAW | ||
| 650 | _aESTOPPEL | ||
| 650 | _aLEGAL PROCEEDINGS | ||
| 650 | _aLITIGATION | ||
| 650 | _aPROPERTY LAW | ||
| 650 | _aSERIAL LITIGATION | ||
| 690 | _aLAW | ||
| 942 | _n0 | ||
| 948 | _c21/05/1997 | ||
| 999 |
_c59766 _d59766 |
||